| 000 | 00576cam a22001691 4500 | ||
|---|---|---|---|
| 082 |
_a551 _bSOR _cL-tech, P-85 |
||
| 100 | 1 |
_aSorsbie, Robert Fox, _940369 |
|
| 245 | 1 | 0 |
_aGeology for engineers. _cBy Brigadier-General R. F. Sorsbie. |
| 250 | _a"First edition...1910...Thoroughly revised and largely rewritten." | ||
| 260 |
_aLondon, _bG. Bell & sons ltd., _c1938. |
||
| 300 |
_axx, 348 p. _billus., diagrs. _c23 cm. |
||
| 500 | _aIncludes references. | ||
| 526 |
_a0 _b0 _c0 _d551_000000000000000_SOR |
||
| 650 | 0 | _aEngineering geology. | |
| 650 | 0 |
_aMCE _9379 |
|
| 942 |
_2ddc _cBK |
||
| 999 |
_c544688 _d544688 |
||